[Event "Bizkaiko-ch Primary"]
[Site "Arrigorriagako"]
[Date "2012.??.??"]
[Round "3.2"]
[White "Ibanez Rodriguez, Fco Javier"]
[Black "Alvarez Dominguez, Francisco Javier"]
[Result "0-1"]
[WhiteElo "1915"]
[BlackElo "1929"]
[PlyCount "72"]
[EventDate "2012.10.20"]
[EventType "tourn"]
[EventRounds "6"]
[EventCountry "ESP"]
[SourceTitle "EXT 2024"]
[Source "ChessBase"]
[SourceDate "2023.10.10"]
[SourceVersion "1"]
[SourceVersionDate "2023.10.10"]
[SourceQuality "1"]

1. e4 c5 2. c3 d5 3. exd5 Qxd5 4. d4 Nf6 5. Be2 cxd4 6. cxd4 e6 7. Bf3 Qd8 8. h4 Nc6 9. Ne2 Be7 10. h5 Nb4 11. h6 g6 12. Bf4 Nfd5 13. Bg3 Bd7 14. a3 Nc6 15. Nbc3 Qa5 16. Bxd5 exd5 17. b4 Qd8 18. Nxd5 Rc8 19. Nxe7 Nxe7 20. Be5 0-0 21. d5 f6 22. Bf4 Re8 23. 0-0 Bb5 24. d6 Bxe2 25. Qxe2 Nf5 26. Qa2+ Kf8 27. Rad1 Qd7 28. Qb2 Re6 29. Rd5 Rc4 30. Bg5 Rxd6 31. Rxd6 Qxd6 32. Bxf6 Kf7 33. Qb3 Qd5 34. Rd1 Qe6 35. Bg5 Nd4 36. Be3 Nxb3 0-1

[Event "Bizkaiko-ch Primary"]
[Site "Arrigorriagako"]
[Date "2012.??.??"]
[Round "4.2"]
[White "Ibanez Rodriguez, Fco Javier"]
[Black "Arostegui Lejarza, Joseba"]
[Result "0-1"]
[WhiteElo "1915"]
[BlackElo "1924"]
[PlyCount "100"]
[EventDate "2012.10.20"]
[EventType "tourn"]
[EventRounds "6"]
[EventCountry "ESP"]
[SourceTitle "EXT 2024"]
[Source "ChessBase"]
[SourceDate "2023.10.10"]
[SourceVersion "1"]
[SourceVersionDate "2023.10.10"]
[SourceQuality "1"]

1. e4 d5 2. exd5 Nf6 3. d4 Bg4 4. Be2 Bxe2 5. Qxe2 Qxd5 6. Nf3 Nc6 7. c3 e6 8. 0-0 Bd6 9. Re1 Qh5 10. Nbd2 0-0-0 11. Nc4 Be7 12. Nce5 Nxe5 13. dxe5 Nd5 14. a3 g5 15. Qe4 Rhg8 16. Nd4 Qh4 17. Qxh4 gxh4 18. Re4 Nb6 19. Be3 Rg6 20. a4 Rdg8 21. g3 hxg3 22. hxg3 Nd5 23. Kg2 a5 24. Rh1 Nxe3+ 25. Rxe3 Rh8 26. Rf3 Rg7 27. Rh5 Rd8 28. Rf4 c5 29. Nf3 Rd1 30. Rh1 Rd5 31. Re4 Kd7 32. Re2 Kc6 33. Nd2 Bg5 34. Nc4 b6 35. Nd6 Bf4 36. Nc4 b5 37. axb5+ Kxb5 38. Na3+ Kc6 39. Rh4 Rxe5 40. Rxe5 Bxe5 41. Ra4 Bc7 42. Nc4 h5 43. b3 h4 44. Nxa5+ Kb5 45. Nc4 hxg3 46. f4 Rg4 47. Ne3 Rxf4 48. c4+ Kb6 49. Kxg3 Rxc4+ 50. Kf3 Rxa4 0-1